| 000 | 00431nam a2200181Ia 4500 | ||
|---|---|---|---|
| 005 | 20240823042203.0 | ||
| 008 | 240823s9999||||xx |||||||||||||| ||und|| | ||
| 041 | _aENGLISH | ||
| 082 | _A621.3192 Q1 | ||
| 100 | _a"Huelsman,Lawrence P" | ||
| 245 | 0 | _aBasic Circuit Theory | |
| 250 | _a3rd | ||
| 260 |
_c2011 _b"PHI,New Delhi" |
||
| 500 | _aTRANSFERED | ||
| 650 |
_aElectronics _bElectronics |
||
| 942 | _cBK | ||
| 999 |
_c207277 _d207277 |
||